000 00947nabaa22001937a 4500
999 _c6114
_d6114
003 OSt
005 20260122103006.0
008 190701b xxu||||| |||| 00| 0 spa d
040 _cPJ
100 _93687
_aButeler, Alfonso
245 1 0 _aLa estabilidad del acto administrativo de autorización ambiental /
_cAlfonso Buteler.
300 _ap. 121-130
505 _aSumario: I. Introducción.— II. La estabilidad del acto administrativo.— III. Estabilidad y derecho de propiedad.— IV. El acto administrativo de autorización ambiental.— V. La estabilidad del acto de autorización o aprobación ambiental.
505 _t¿Te interesa el texto completo? Comunicate al correo: koha@justierradelfuego.gov.ar
650 0 _9211
_aDERECHO ADMINISTRATIVO
650 0 _91171
_aACTO ADMINISTRATIVO
773 0 _02842
_93251
_dBuenos Aires : AbeledoPerrot, 2012-
_oDA121
_tDerecho administrativo. Nº 146 marzo/abril 2023
_z18510590
942 _2udc
_cANA